Statistiques concernant Culture Générale - Série 1032

Cliquez ici pour prendre le quiz!

Statistiques générales

  • Ce quiz a été pris 42 fois
  • Le résultat moyen est 6 sur 10

Statistiques - réponses

QuestionRéponse% Correct
Cet outil, anagramme de "pilote", est indispensable à l'alpiniste ?piolet
88%
Quel mot, contraction de "courrier" et "électronique", est la traduction officielle de l'anglicisme "e-mail" ?courriel
88%
De quel pays l'oiseau appelé "kiwi" est-il l'emblème ?Nouvelle-Zélande
85%
La petite flamme fugitive due à la combustion spontanée de gaz issus de matières organiques en décomposition s'appelle un "feu...follet
73%
En 1960, quel pays d'Amérique latine est à l'initiative de la création de l'O.P.E.P. ?Venezuela
71%
Quel auteur dramatique américain, prénommé Arthur, a rencontré le succès, avec la pièce : "Mort d'un commis voyageur", en 1949 ?Arthur Miller
61%
Comment appelle-t-on le contenu d'un plat si on ajoute 2 lettres à ce dernier ?platée
46%
C'est un frère et aussi un poème médiéval.lai
34%
Quelle plante cultivée pour sa racine, dont le nom vient du suédois, est voisine du navet et appelée : "chou de Siam" ?rutabaga
24%
En 1912, quelle auteure de "La Vagabonde" assiste, à distance, à l'arrestation de la "bande à Bonnot" ?Colette
20%

Distribution des résultats

Percentile par nombre de réponses

% des personnes avec chaque résultat

Votre développement - résultats

Vous n’avez pas pris ce quiz